MARC

LEADER 00000nab a2200000 ar4500
001 vtls009361117
003 SK-MaSNL
005 20260303162118.0
008 081114c2007 xo wr|p|||||||000 b|slo
015 |a SNBRB2008/11 
038 |a PPPKCL 
040 |a PPPKCL  |b slo  |c PPPK  |e AACR2 
041 0 |a slo 
044 |a xo  |c SK 
080 |a 796.52.071.2  |2 2001 
080 |a 614.8.069:910.4:796.52  |x (292.536)  |2 2001 
245 0 0 |a Spomienka na Jindra 
300 |b Fotogr. 
500 |a Autor neuvedený 
600 1 7 |a Martiš, Jindřich,  |d 1952-1997  |2 pppkcl  |9 64683 
648 7 |a 5.11.1997  |2 pppkcl  |9 1185343 
650 0 7 |a horolezci  |2 pppkcl  |9 3285 
650 0 7 |a horolezecké expedície  |2 pppkcl  |9 1570 
650 0 7 |a osobnosti  |2 pppkcl  |9 29820 
651 7 |a Tatranská Polianka (Vysoké Tatry, Slovensko)  |2 SNKPHgeo  |9 160916 
651 7 |a Poprad (Slovensko : okres)  |2 pppkcl  |9 28675 
651 7 |a Himaláje (pohorie)  |2 pppkcl  |9 28710 
773 0 |t Tatry : dvojmesačník štátnych lesov Tatranského národného parku v Tatranskej Lomnici  |g Roč.XXXXVI, č. 6 (2007), s. 31  |x 1335-6828 
852 |a PPPK  |b KIS3GCP 
999 |c 2052267  |d 2054197